| 000 | 00962nam a2200277 i 4500 | ||
|---|---|---|---|
| 001 | 172182 | ||
| 003 | ES-MaACL | ||
| 005 | 20240517201531.0 | ||
| 008 | 090616s1980 be |||| | fre d | ||
| 020 | _a2-87027-052-6 | ||
| 080 | _a944"1940/1945" | ||
| 100 | 1 |
_aKupferman, Fred. _9140273 |
|
| 245 | 1 | 3 |
_aLe Procès de Vichy ; Pucheu, Pétain, Laval / _cFred Kupferman. |
| 260 |
_aBruxelles : _bÉditions Complexe, _c1980. |
||
| 300 |
_a190 p. : _bil., fot. ; _c18 cm. |
||
| 490 | 1 |
_aLa mémoire du siècle. 1944-1945 ; _v4 |
|
| 500 | _aCronología. | ||
| 500 | _aÍndice. | ||
| 504 | _aBibliografía. | ||
| 600 | 1 | 4 |
_aPétain, Philippe, _d1856-1951 _991459 |
| 600 | 1 | 4 |
_aLaval, Pierre. _970684 |
| 651 | 4 |
_aFrancia- _xHistoria- _y1940-1945, Ocupación alemana. _9139486 |
|
| 830 | 0 |
_aLa mémoire du siècle. 1944-1945 ; _v4 _9223258 |
|
| 852 | 4 |
_aES-MaACL _jE-12713 _9R.190349 _z. - Biblioteca Jacinto Martínez Lacalle |
|
| 999 |
_c172182 _d172182 |
||